<?xml version="1.0" encoding="UTF-8"?>
<record
    xmlns:xsi="http://www.w3.org/2001/XMLSchema-instance"
    xsi:schemaLocation="http://www.loc.gov/MARC21/slim http://www.loc.gov/standards/marcxml/schema/MARC21slim.xsd"
    xmlns="http://www.loc.gov/MARC21/slim">

  <leader>01375nam1a22002531i 4500</leader>
  <controlfield tag="001">rc\508788</controlfield>
  <controlfield tag="005">20260407103519.0</controlfield>
  <datafield tag="035" ind1=" " ind2=" ">
    <subfield code="a">(NLR Aleph) 005810782</subfield>
  </datafield>
  <datafield tag="090" ind1=" " ind2=" ">
    <subfield code="a">5384715</subfield>
    <subfield code="c">5384715</subfield>
  </datafield>
  <datafield tag="100" ind1=" " ind2=" ">
    <subfield code="a">20030616g19879999u  |0rusy50      ca</subfield>
  </datafield>
  <datafield tag="101" ind1="0" ind2=" ">
    <subfield code="a">rus</subfield>
  </datafield>
  <datafield tag="102" ind1=" " ind2=" ">
    <subfield code="a">RU</subfield>
  </datafield>
  <datafield tag="105" ind1=" " ind2=" ">
    <subfield code="a">y   |||||||||</subfield>
  </datafield>
  <datafield tag="200" ind1="1" ind2=" ">
    <subfield code="a">&#x421;&#x43E;&#x432;&#x440;&#x435;&#x43C;&#x435;&#x43D;&#x43D;&#x44B;&#x435; &#x44D;&#x43A;&#x441;&#x43F;&#x435;&#x440;&#x438;&#x43C;&#x435;&#x43D;&#x442;&#x430;&#x43B;&#x44C;&#x43D;&#x44B;&#x435; &#x43C;&#x435;&#x442;&#x43E;&#x434;&#x44B; &#x438;&#x441;&#x441;&#x43B;&#x435;&#x434;&#x43E;&#x432;&#x430;&#x43D;&#x438;&#x44F; &#x43F;&#x440;&#x43E;&#x446;&#x435;&#x441;&#x441;&#x43E;&#x432; &#x442;&#x435;&#x43F;&#x43B;&#x43E;- &#x438; &#x43C;&#x430;&#x441;&#x441;&#x43E;&#x43E;&#x431;&#x43C;&#x435;&#x43D;&#x430;</subfield>
    <subfield code="e">&#x41C;&#x430;&#x442;&#x435;&#x440;&#x438;&#x430;&#x43B;&#x44B; &#x43C;&#x435;&#x436;&#x434;&#x443;&#x43D;&#x430;&#x440;. &#x448;&#x43A;&#x43E;&#x43B;&#x44B;-&#x441;&#x435;&#x43C;&#x438;&#x43D;&#x430;&#x440;&#x430; [&#x43C;&#x430;&#x439; 1987 &#x433;.</subfield>
    <subfield code="f">&#x420;&#x435;&#x434;&#x43A;&#x43E;&#x43B;.: &#x420;.&#x418;. &#x421;&#x43E;&#x43B;&#x43E;&#x443;&#x445;&#x438;&#x43D; (&#x43E;&#x442;&#x432;. &#x440;&#x435;&#x434;.) &#x438; &#x434;&#x440;.]</subfield>
  </datafield>
  <datafield tag="210" ind1=" " ind2=" ">
    <subfield code="a">&#x41C;&#x438;&#x43D;&#x441;&#x43A;</subfield>
    <subfield code="c">&#x418;&#x422;&#x41C;&#x41E;</subfield>
    <subfield code="d">1987-</subfield>
  </datafield>
  <datafield tag="215" ind1=" " ind2=" ">
    <subfield code="d">20</subfield>
  </datafield>
  <datafield tag="300" ind1=" " ind2=" ">
    <subfield code="a">&#x412; &#x43D;&#x430;&#x434;&#x437;&#x430;&#x433;.: &#x410;&#x41D; &#x411;&#x421;&#x421;&#x420;, &#x418;&#x43D;-&#x442; &#x442;&#x435;&#x43F;&#x43B;&#x43E;- &#x438; &#x43C;&#x430;&#x441;&#x441;&#x43E;&#x43E;&#x431;&#x43C;&#x435;&#x43D;&#x430; &#x438;&#x43C;. &#x410;.&#x412;. &#x41B;&#x44B;&#x43A;&#x43E;&#x432;&#x430;, &#x41C;&#x435;&#x436;&#x434;&#x443;&#x43D;&#x430;&#x440;. &#x446;&#x435;&#x43D;&#x442;&#x440; &#x430;&#x43A;&#x430;&#x434;. &#x43D;&#x430;&#x443;&#x43A; &#x441;&#x43E;&#x446;. &#x441;&#x442;&#x440;&#x430;&#x43D; &#x434;&#x43B;&#x44F; &#x43F;&#x43E;&#x432;&#x44B;&#x448;&#x435;&#x43D;&#x438;&#x44F; &#x43A;&#x432;&#x430;&#x43B;&#x438;&#x444;&#x438;&#x43A;&#x430;&#x446;&#x438;&#x438; &#x43D;&#x430;&#x443;&#x447;. &#x43A;&#x430;&#x434;&#x440;&#x43E;&#x432; &#x43F;&#x43E; &#x43F;&#x440;&#x43E;&#x431;&#x43B;. "&#x422;&#x435;&#x43F;&#x43B;&#x43E;- &#x438; &#x43C;&#x430;&#x441;&#x441;&#x43E;&#x431;&#x43C;&#x435;&#x43D;"</subfield>
  </datafield>
  <datafield tag="702" ind1=" " ind2="1">
    <subfield code="4">340</subfield>
    <subfield code="7">ca</subfield>
    <subfield code="8">rus</subfield>
    <subfield code="a">&#x421;&#x43E;&#x43B;&#x43E;&#x443;&#x445;&#x438;&#x43D;</subfield>
    <subfield code="b">&#x420;.&#x418;.</subfield>
    <subfield code="f">1930-1988</subfield>
    <subfield code="g">&#x420;&#x435;&#x43C; &#x418;&#x432;&#x430;&#x43D;&#x43E;&#x432;&#x438;&#x447;</subfield>
    <subfield code="9">210171</subfield>
    <subfield code="3">RU\NLR\AUTH\770210225</subfield>
  </datafield>
  <datafield tag="712" ind1="0" ind2="2">
    <subfield code="a">&#x418;&#x43D;&#x441;&#x442;&#x438;&#x442;&#x443;&#x442; &#x442;&#x435;&#x43F;&#x43B;&#x43E;- &#x438; &#x43C;&#x430;&#x441;&#x441;&#x43E;&#x43E;&#x431;&#x43C;&#x435;&#x43D;&#x430; &#x438;&#x43C;. &#x410;. &#x412;. &#x41B;&#x44B;&#x43A;&#x43E;&#x432;&#x430;</subfield>
    <subfield code="c">&#x41C;&#x438;&#x43D;&#x441;&#x43A;</subfield>
    <subfield code="3">RU\NLR\AUTH\889932471</subfield>
    <subfield code="9">360232</subfield>
  </datafield>
  <datafield tag="801" ind1=" " ind2="0">
    <subfield code="a">RU</subfield>
    <subfield code="b">NLR</subfield>
    <subfield code="g">psbo</subfield>
  </datafield>
  <datafield tag="801" ind1=" " ind2="1">
    <subfield code="a">RU</subfield>
    <subfield code="b">ELAR</subfield>
    <subfield code="2">rusmarc</subfield>
  </datafield>
  <datafield tag="852" ind1=" " ind2=" ">
    <subfield code="a">NLR</subfield>
    <subfield code="j">87-3/10398</subfield>
  </datafield>
  <datafield tag="942" ind1=" " ind2=" ">
    <subfield code="c">BOOK</subfield>
  </datafield>
</record>
